Statistics for G20 Leaders, 2001-present

Click here to take the quiz!

General Stats

  • This quiz has been taken 47 times
  • The average score is 33 of 86

Answer Stats

Leaders % Correct
Russia2012-Vladimir Putin
100%
United States1993-2001Bill Clinton
97%
United Kingdom2016-Theresa May
97%
United States2001-2009George W. Bush
97%
United States2009-2017Barack Obama
97%
Germany2005-Angela Merkel
97%
United States2017-Donald Trump
97%
United Kingdom1997-2007Tony Blair
92%
China2013-Xi Jinping
92%
United Kingdom2010-2016David Cameron
92%
France2017-Emmanuel Macron
89%
Canada2015-Justin Trudeau
86%
Japan2012-Shinzō Abe
81%
France2012-2017François Hollande
76%
France2007-2012Nicolas Sarkozy
73%
Turkey2014-Recep Tayyip Erdoğan
73%
Italy2008-2011Silvio Berlusconi
73%
United Kingdom2007-2010Gordon Brown
68%
India2014-Narendra Modi
59%
South Africa2009-2018Jacob Zuma
51%
France1995-2007Jacques Chirac
49%
Brazil2003-2010Lula da Silva
49%
Russia2008-2012Dmitry Medvedev
46%
Germany1998-2005Gerhard Schröder
46%
Australia2015-2018Malcolm Turnbull
46%
European Union2014-Jean-Claude Juncker
46%
Canada2006-2015Stephen Harper
43%
Mexico2012-2018Enrique Peña Nieto
43%
South Korea2013-2017Park Geun-hye
43%
Brazil2010-2016Dilma Rousseff
43%
Australia2010-2013Julia Gillard
41%
Saudi Arabia2015-Salman
41%
Saudi Arabia2005-2015Abdullah
38%
South Korea1998-2003Kim Dae-jung
38%
Mexico2000-2006Vicente Fox
35%
China2003-2013Hu Jintao
32%
Australia2018-Scott Morrison
32%
Italy2014-2016Matteo Renzi
32%
Australia2013-2015Tony Abbott
32%
Italy2018-Giuseppe Conte
30%
Mexico2018-Andrés Manuel
López Obrador
30%
Saudi Arabia1982-2005Fahd
27%
South Korea2017-Moon Jae-in
27%
Argentina2015-Mauricio Macri
27%
Argentina2003-2007Néstor Kirchner
27%
Argentina2007-2015Cristina Fernández
de Kirchner
27%
Australia1997-2010John Howard
27%
India2004-2014Manmohan Singh
24%
Australia2013Kevin Rudd
24%
European Union1999-2004Romano Prodi
22%
South Africa1999-2008Thabo Mbeki
19%
Indonesia2014Joko Widodo
19%
Brazil2016-Michel Temer
16%
Mexico2006-2012Felipe Calderón
16%
Canada2003-2006Paul Martin
14%
Turkey2007-2014Abdullah Gül
14%
Canada1993-2003Jean Chrétien
14%
China1993-2003Jiang Zemin
14%
South Africa2018-Cyril Ramaphosa
14%
European Union2004-2014José Manuel Barroso
14%
Italy2011-2013Mario Monti
11%
Japan2000-2001Yoshirō Mori
8%
South Korea2008-2013Lee Myung-bak
8%
Brazil1995-2002Fernando Henrique
Cardoso
5%
Italy2013-2014Enrico Letta
5%
Indonesia2004-2014Susilo Bambang
Yudhoyono
5%
Indonesia2001-2004Megawati Sukarnoputri
5%
Indonesia1999-2001Abdurrahman Wahid
5%
Italy2016-2018Paolo Gentiloni
5%
India1998-2004Atal Bihari Vajpayee
3%
Turkey2000-2007Ahmet Necdet Sezer
3%
Japan2001-2006Junichirō Koizumi
3%
Japan2008-2009Tarō Asō
3%
Argentina1999-2001Fernando de la Rúa
3%
Italy2000-2001Giuliano Amato
3%
South Africa2008-2009Kgalema Motlanthe
0%
Japan2011-2012Yoshihiko Noda
0%
South Korea2003-2008Roh Moo-hyun
0%
Japan2007-2008Yasuo Fukuda
0%
Japan2009-2010Yukio Hatoyama
0%
Japan2010-2011Naoto Kan
0%

Score Distribution

Percentile by Number Answered

Percent of People with Each Score

Your Score History

You have not taken this quiz